000 01210cam a2200289 i 4500
003 SA-RiAUC
005 20241221143605.0
008 241217s1988 su g f000 0 ara c
020 _z996072610
040 _aSA-JeALM
_bara
_cSA-RiAUC
_erda
043 _aa-su---
082 0 4 _a027.531
090 _a027.531
_bس ا ع
100 1 _aساعاتي، يحيى محمود جنيد،
_d1366 هجري-
_eمؤلف.
245 1 2 _aالوقف وبنية المكتبة العربية :
_bاستيطان للموروث الثقافي /
_cيحيى محمود ساعاتي.
250 _aالطبعة الاولى.
264 1 _aالرياض :
_bمركز الملك فيصل للبحوث والدراسات الإسلامية،
_c1988
300 _a238 صفحة ؛
_c24 سم.
336 _aنص
_btxt
_2rdacontent
_3كتاب
337 _aبدون وسيط
_bn
_2rdamedia
338 _aمجلد
_bnc
_2rdacarrier
490 0 _aإصدارات مركز الملك فيصل للبحوث والدراسات الإسلامية ؛
_v7
650 7 _aالوقف
_zالسعودية
_xتاريخ
_2aucsh
650 7 _aالمكتبات
_zالسعودية
_2aucsh
942 _2ddc
_cBOOK
_n0
949 _aSA-JeALM
_d241217
_uosman123
_n1
999 _c3735
_d3735